01017cam a2200301u 45000010008000000030004000080050017000120080041000290100017000700350012000870400019000990500019001180820012001371000034001492400053001832450067002362600049003033000023003523360026003753370028004013380027004296500047004567000039005039060045005429420015005879990015006029520098006179866694OSt20260510141507.0830309s1965 nyu 000 0 eng  a 65026063  a9866694 aDLCcIRDPdDLC00aJA66b.J3 1965 a320 VAN1 aVAN DYKE, DERNONd1895-1942.00aOutline of political science. [from old catalog]10aPOLITICAL SCIENCEbA PHILOSOPHICAL AMNALYSIScDERNONO VAN DYKE aCALIFORNIAbSTANFORD UNIVERSITY PRESSc[1960 axi, 244 p.c21 cm. atextbtxt2rdacontent aunmediatedbn2rdamedia avolumebnc2rdacarrier 0aPolitical sciencevOutlines, syllabi, etc.1 aLipman, Miriam H., ejoint author. a0bcbccpremunvduencipf19gy-gencatlg 2ddccBOOKS c9698d9698 00102ddc4070a1000b1000d2026-05-10l0o320 VANpLIB003543r2026-05-10w2026-05-10yBOOKS